MDQL
is popping MORE tags! Check the
thread
!
Quizzes
Events
Quiz Creation
Community
Videos
Private Events
Remove Ads
Sign In
Join for FREE
Feedback
Dark Mode
Quiz Categories
Sports
Geography
Music
Movies
Television
Just For Fun
Miscellaneous
History
Literature
Language
Science
Gaming
Entertainment
Religion
Holiday
For Kids
Quiz Lab
Recent
Popular Today
Quiz Kudos Today
Editor Picks
Curator Picks
Quizzes by...
Day
Popularity
Type
Ratings
Length
Year
Community
Subscriptions
Recent Discussions
Orange Saloon
Badges
Playlists
Quests
Create
Leaderboards
Showdown
Live 5
Trivia Bingo
Activity
Puzzle Library
Sporcle Events
Private Events
Virtual Trivia
Globe League
Become a Host
Pub Owners
SporcleCon
Opinionation
Our Games
Videos
Blog
Mobile Apps
Partnerships
Remove Ads and Go Orange
Feedback
Sports
Athletes
MLB
NBA
NHL
NFL
Soccer
Sports Teams
WWE
NCAA
Football
Premier League
Basketball
Baseball
Hockey
Golf
Tennis
Cricket
Rugby
Auto Racing
Olympics
World Cup
Sports
Athletes
MLB
NBA
NHL
NFL
Soccer
Sports Teams
WWE
NCAA
Football
Premier League
Basketball
Baseball
Hockey
Golf
Tennis
Cricket
Rugby
Auto Racing
Olympics
World Cup
Random Quiz
Search Sporcle
×
Quiz Lab
Quiz Lab
Sports
2003
Type in answers that appear in a list
Type in answers that appear in a list
Classic
Best Score? Go Orange.
Staal A-lag 2003 Stats
Klarer du alle spillere i troppen til Staal A-lag 2003?
By
mihlestr
6m
30 Questions
27 Plays
27 Plays
27 Plays
Comments
Comments
Give Quiz Kudos
Give Quiz Kudos
-
- Ratings
hide this ad
More Info
Replay
Link that replays current quiz
Next Quiz
Link to next quiz in quiz playlist
You Got
0%
They Got
Avg Score
30%
Avg Friend Score
Upgrade to see
Score Distribution
Jump to the score distribution portion of the page
Score
0/30
Timer
06:00
0
Plays Today
Antall kamper
Navn
% Correct
333
Sindre Fjelde
81.5%
359
Eirik Jøssang
77.8%
314
Ivar Melberg
70.4%
254
Vegard Oftedal
59.3%
282
Stian Nag
51.9%
263
Stig Marthinussen
44.4%
244
Trond Lyse
44.4%
174
Tomas Fjelde
44.4%
101
Roar Fjermestad
40.7%
148
Trond Oftedal
37%
128
Morten Fiskå
37%
171
Finn Harald Rygh
29.6%
84
Sigbjørn Moen
29.6%
59
Andres Jøssang
29.6%
44
Kristian Nag
25.9%
Antall kamper
Navn
% Correct
20
Bjarte Langeland
25.9%
186
Asgeir Dahle
22.2%
21
Kjartan Hole
22.2%
20
Eirik Larsen
22.2%
9
Arve Ravndal
22.2%
293
Geir Hinna
18.5%
159
Even Bjørlo Kallesten
18.5%
23
Aksel Steine
14.8%
42
Trond Sandvik
11.1%
24
Torgeir Førland
11.1%
7
Jan Petter Larsen
11.1%
35
Eivind Staurland
7.4%
25
Ole Thomsen
7.4%
1
Ingar Bergeland
7.4%
0
Tollak Nordbø
3.7%
Quiz Playlist
Details
Report
Send in Message
Add To Playlist
More Info:
Staal A-lag sin tropp ved sesongstart ifølge Stavanger Aftenblad.
Classic:
Type in answers that appear in a list
Last Updated: Feb 16, 2017
Quiz Scoreboard
CHALLENGE
Sign Up to Join the Scoreboard
Show All
Scores
Hide
Comments
May contain spoilers
Recently Published
Image Sorting: Flags VI
by Barbecue
Geography
2m
Find the 'City' Movie
by crazypaving
Movies
60s
Colored Red Africa Blitz
by spor1
Geography
45s
More to Explore
Quiz From the Vault
Featured Blog Post
14 Easter Pick-up Lines to Find Eggs With
hide this ad
You Might Also Like...
Tags
2003
alle
Kamper
Navn
staal
til
Today's Top Quizzes in Sports
Browse Sports
hide this ad
Today's Top Quizzes in 2003
Browse 2003
Top Contributed Quizzes in Sports
1
Les meilleurs buteurs des matchs entre le PSG et l’OM
2
Les entraîneurs de l'OM et du PSG au 21e siècle
3
Les joueurs passés par le PSG et l'OM
4
2022 World Cup Stars
5
Players with Multiple 50 Home Run Seasons
6
Criteria MLB: Left Handed Sluggers
7
Les joueurs passés par le LOSC et le RC Lens
8
NBA Logic Puzzle 2.0
9
MLB Players with Two .350 Batting Average Seasons
10
FIFA Club World Cup Champions
Explore More
Trending Topics
Anime
NBA
Harry Potter
Kpop
Crossword
Marvel
Disney
Pokémon
NFL
Country
Puzzle
Soccer
WWE
The Office
Song
hide this ad
More By:
mihlestr
Quiz
Plays
Rating
Category
Featured
Created
Viking Stavanger
113
Sports
Dec 8, 2009
Topp 30 Maratontabellen 3.div (Rogaland) 2001.2018
96
Sports
Jul 6, 2018
Trenere Viking FK
72
Sports
Dec 8, 2009
Staal A-lag 2003
27
Sports
Dec 9, 2016
Go to Creator's Profile
Score Distribution
Quiz Creator Spotlight
mihlestr
Follow
Send a Message
Quizzes Created
-
Created Quiz Play Count
-
More By This Creator
Popular Quizzes Today
1
Colored Red Africa Blitz
2
Find the US States - No Outlines Minefield
3
Find the 'City' Movie
4
5x2 Blitz: Bands
5
The Countries of the World
6
Find the US States
7
Find the Countries of Europe - No Outlines Minefield
8
US States
More Sports Quizzes
21st Century XIs: Feyenoord
Quiz Lab
Trending Quizzes
Colored Red Europe Blitz I
Colored Red Europe Blitz II
Colored Red Africa Blitz II
Colored Red Europe Blitz III
Colored Red Africa Blitz III
Recently Updated
How Do You Spell That?
pecheneg
Godzilla Movies
pecheneg
Grab Bag: 4-10 Letters
pecheneg
2024 March Madness Bracket
pecheneg
Famous TV Couples
Peacemaker
Champions League XIs: Real Madrid
pecheneg
Largest US Cities 1790-2010
pecheneg
Rides in Walt Disney World
pecheneg
Most Oscar Losses (Acting)
pecheneg
Beyoncé Albums
pecheneg
Trending Topics
Marvel
Harry Potter
Kpop
Disney
NBA
Anime
Crossword
Song
Country
NFL
WWE
Puzzle
Soccer
Pokémon
The Office
Your Account Isn't Verified!
In order to create a playlist on Sporcle, you need to verify the email address you used during registration. Go to your
Sporcle Settings
to finish the process.
Report this User
Report this user for behavior that violates our
Community Guidelines
.
Details:
Send Report
Go to the Sporcle.com Mobile Site →
Comments